| 000 | 01510nam a2200409 i 4500 | ||
|---|---|---|---|
| 001 | 37230 | ||
| 003 | KOSZ 005 | ||
| 005 | 20231005062813.0 | ||
| 008 | 121011s2000 pl a g 001 0 pol | ||
| 015 | _aPB 2012/32516 | ||
| 020 | _a8372331456 | ||
| 040 |
_aWA N _cWA N _dKOSZ 005/RW |
||
| 080 | _a94(438).081"1918/1919" | ||
| 080 | _a94(477)"19" | ||
| 100 | 1 |
_aKlimecki, Michał _d(1952- ) _eAutor |
|
| 245 | 1 | 0 |
_aPolsko-ukraińska wojna o Lwów i Galicję Wschodnią 1918-1919 / _cMichał Klimecki. |
| 260 |
_aWarszawa : _bOficyna Wydawnicza Volumen, _c2000. |
||
| 300 |
_a291, [1] stron : _bilustracje ; _c25 cm. |
||
| 336 |
_aTekst _btxt _2rdacontent |
||
| 337 |
_aBez urządzenia pośredniczącego _bn _2rdamedia |
||
| 338 |
_aWolumin _bnc _2rdacarrier |
||
| 380 | _aKsiążki. | ||
| 380 | _aPublikacje naukowe | ||
| 490 | 1 | _aO Wolność i Niepodległość | |
| 500 | _aTytuł na grzbiecie: Polsko-ukraińska wojna o Lwów... 1918-1919. | ||
| 504 | _aBibliografia na stronach [253]-262. Indeksy. | ||
| 650 | 4 | _aWojna polsko-ukraińska (1918-1919) | |
| 658 | _aHistoria | ||
| 655 | 4 | _aMonografia | |
| 648 | 4 | _a1914-1918 | |
| 648 | 4 | _a1918-1939 | |
| 651 | 4 | _aLwów (Ukraina) | |
| 710 | 2 |
_aOficyna Wydawnicza Volumen, Mirosława Łątkowska _4pbl. |
|
| 830 | 0 | _aO Wolność i Niepodległość | |
| 856 |
_uhttp://koha.tu.koszalin.pl/cgi-bin/koha/opac-detail.pl?biblionumber=37230 _yKatalog online BPK |
||
| 942 |
_2UKD _cKS |
||
| 999 |
_c37230 _d37230 |
||